Poesías de don Ángel Saavedra Ramírez de Baquedano. (Record no. 163582)

MARC details
000 -LEADER
campo de control de longitud fija 00591nam a2200181 i 4500
001 - NÚMERO DE CONTROL
campo de control 163582
003 - IDENTIFICADOR DE NÚMERO DE CONTROL
campo de control ES-MaACL
005 - FECHA Y HORA DE LA ÚLTIMA TRANSACCIÓN
campo de control 20231220210526.0
008 - DATOS DE LONGITUD FIJA--INFORMACIÓN GENERAL
campo de control de longitud fija 010116m18201821sp |||| | spa d
100 1# - ENTRADA PRINCIPAL--NOMBRE DE PERSONA
Nombre de persona Rivas, Ángel de Saavedra,
Títulos y otros términos asociados al nombre Duque de,
Fechas asociadas al nombre 1791-1865
9 (RLIN) 97550
245 10 - MENCIÓN DEL TÍTULO
Título Poesías de don Ángel Saavedra Ramírez de Baquedano.
250 ## - MENCION DE EDICION
Mención de edición 2ª ed. corr. y aum.
260 ## - PUBLICACIÓN, DISTRIBUCIÓN, ETC.
Lugar de publicación, distribución, etc. Madrid :
Nombre del editor, distribuidor, etc. [s.n.],
Fecha de publicación, distribución, etc. 1820-1821 (
Fabricante Imp. de I. Sancha)
300 ## - DESCRIPCIÓN FÍSICA
Extensión 2 v.(231, 308 p.) ;
Dimensiones 18 cm.
752 ## - ENTRADA AGREGADA--NOMBRE JERÁRQUICO DEL LUGAR
País o entidad superior España -
Ciudad Madrid
852 ## - LOCALIZACIÓN
Ubicación ES-MaACL
Número de control de estantería G-14875-76
Nota libre - Enc. pasta
Holdings
Estatus retirado Estado de pérdida Estado de daño No para préstamo Colección Biblioteca de origen Biblioteca actual Ubicación en estantería Fecha de adquisición Total de préstamos Signatura topográfica completa Código de barras Visto por última vez Precio de reemplazo Tipo de ítem Koha
        Libros del s. XIX Biblioteca del Ateneo de Madrid Biblioteca del Ateneo de Madrid Sala Pecera Planta 3 17/01/2008   G-14875-76 1171420 23/02/2023 23/02/2023 Libro impreso antiguo